| 000 | 00488nam a2200169Ia 4500 | ||
|---|---|---|---|
| 003 | GCL | ||
| 008 | 140319s9999 xx 000 0 eng d | ||
| 040 |
_aGCL / _cGCL |
||
| 082 | 0 | 4 |
_a551.46 _bD T |
| 100 | 1 | _aDEO, S. G. | |
| 245 | 1 | 0 |
_aTHEORY OF DIFFERENTIAL EQUATIONS AND APPLICATIONS TO OCEANOGRAPHY / _cDEO, S. G. |
| 700 | 1 | _aPRAHALAD, Y. S. | |
| 260 |
_a[S.N] : _bAFFILIATED EAST - WEST PRESS PRIVATE LTD ، _c1992 |
||
| 300 | _a290\P | ||
| 650 | 0 | 4 | _aOCEANOGRAPHY |
| 942 |
_2ddc _cBK |
||
| 999 |
_c20220 _d20220 |
||